The demand for money (Registro nro. 585)
[ vista simple ]
| 000 -LEADER | |
|---|---|
| fixed length control field | 01330 a2200229 4500 |
| 001 - CONTROL NUMBER | |
| control field | 14628 |
| 005 - DATE AND TIME OF LATEST TRANSACTION | |
| control field | 20260407155447.0 |
| 008 - FIXED-LENGTH DATA ELEMENTS--GENERAL INFORMATION | |
| fixed length control field | 260407a1993 arg spa d |
| 003 - CONTROL NUMBER IDENTIFIER | |
| control field | AR-UNSa-BCEJYS |
| 040 ## - CATALOGING SOURCE | |
| Original cataloging agency | AR-UNSa-BCEJYS |
| Language of cataloging | spa |
| Transcribing agency | AR-UNSa-BCEJYS |
| 080 ## - UNIVERSAL DECIMAL CLASSIFICATION NUMBER | |
| Universal Decimal Classification number | 336.74 |
| Common auxiliary subdivision | Moneda. Sistema monetario |
| 020 ## - INTERNATIONAL STANDARD BOOK NUMBER | |
| International Standard Book Number | 0-06-501098-1 |
| 100 1# - MAIN ENTRY--PERSONAL NAME | |
| Personal name | Laidler, David E.W. |
| 245 10 - TITLE STATEMENT | |
| Title | The demand for money |
| Name of part/section of a work | theories, evidence, and problems |
| 250 ## - EDITION STATEMENT | |
| Edition statement | 4a. ed. |
| 264 #1 - PRODUCTION, PUBLICATION, DISTRIBUTION, MANUFACTURE, AND COPYRIGHT NOTICE | |
| Place of production, publication, distribution, manufacture | New York : |
| Name of producer, publisher, distributor, manufacturer | Harper Collins College Publishers |
| Date of production, publication, distribution, manufacture, or copyright notice | 1993 |
| 300 ## - PHYSICAL DESCRIPTION | |
| Extent | xiv, 210 p. |
| Dimensions | 23 cm. |
| 505 ## - FORMATTED CONTENTS NOTE | |
| Formatted contents note | 1. The role of the demand function - 2. The demand for money in a fixed price level macroeconomic model - 3. Price flexibility in the macromodel - 4. A brief overview - 5. The classics, Keynes, and the modern quantity theory - 6. The demand for money as a means of exchange - 7. The demand for money as an asset - 8. Measuring the variables of the demand-for-money function - 9. Some econometric issues - 10. An overview of the evidence - 11. The influence of the opportunity cost of holding money - 12. Other variables and the question of stability - 13. Tentative conclusions |
| 590 ## - LOCAL NOTE (RLIN) | |
| Local note | niveau_biblio:m niveau_hierar:0 |
| 856 41 - ELECTRONIC LOCATION AND ACCESS | |
| Uniform Resource Identifier | <a href="https://biblioeco.unsa.edu.ar/pmb/images/libros/Demand for Money-l118975.jpg">https://biblioeco.unsa.edu.ar/pmb/images/libros/Demand for Money-l118975.jpg</a> |
| Link text | Imagen de portada |
| Electronic format type | image/jpeg |
| 942 ## - ADDED ENTRY ELEMENTS (KOHA) | |
| Koha item type | |
| Withdrawn status | Lost status | Damaged status | Not for loan | Home library | Current library | Shelving location | Date acquired | Total checkouts | Full call number | Barcode | Date last seen | Price effective from | Koha item type |
|---|---|---|---|---|---|---|---|---|---|---|---|---|---|
| Biblioteca Prof. Eusebio Cleto del Rey | Biblioteca Prof. Eusebio Cleto del Rey | 07/04/2026 | 336.74 L185 4ed. | L118975 | 07/04/2026 | 07/04/2026 | Libro | ||||||
| Biblioteca Prof. Eusebio Cleto del Rey | Biblioteca Prof. Eusebio Cleto del Rey | 07/04/2026 | 336.74 L185 4ed. | L118974 | 07/04/2026 | 07/04/2026 | Libro |